000 00454nab a2200145Ia 4500
003 ES-SlBCS
005 20210601135733.0
008 140529s1972 xxu||||| |||| 00| 0 spa d
041 _aspa
100 1 _aHaarsma, Frans
_9235725
245 0 0 _a¿Una investigación empírica sobre el consenso en la Iglesia?
_c Frans Haarsma
650 0 4 _aConsenso en la Iglesia
_9236070
773 0 _tConcilium
_gvol. 1, nº. 71, 1972, págs. 112-119
_wRev134
942 _cAR
999 _c633152
_d633152